000 004000000a22001690004500
005 20120302055443.0
942 _cBOOK
100 _a Suru,Na.Go.
245 _a Maajhi Aakaarbhaashite Aani Ietar Lekha
260 _aPune:Vhinas Prakaashan,1972.
300 _a218p.
040 _aMAR
365 _b15/-
650 _aBhaashane
650 _aAakaashawaani-Bhaashane
650 _aLekha-Na.Go.Suru
999 _c348446
_d348443